<?xml version="1.0" encoding="UTF-8"?>
<record
    xmlns:xsi="http://www.w3.org/2001/XMLSchema-instance"
    xsi:schemaLocation="http://www.loc.gov/MARC21/slim http://www.loc.gov/standards/marcxml/schema/MARC21slim.xsd"
    xmlns="http://www.loc.gov/MARC21/slim">

  <leader>02283    a2200349   4500</leader>
  <controlfield tag="003">NALT</controlfield>
  <controlfield tag="005">20220818175212.0</controlfield>
  <controlfield tag="008">220707b        th ||||| |||| 00| 0 tha d</controlfield>
  <datafield tag="020" ind1=" " ind2=" ">
    <subfield code="a">9789740217312</subfield>
  </datafield>
  <datafield tag="040" ind1=" " ind2=" ">
    <subfield code="a">NALT</subfield>
  </datafield>
  <datafield tag="041" ind1="1" ind2=" ">
    <subfield code="a">tha</subfield>
    <subfield code="h">eng</subfield>
  </datafield>
  <datafield tag="050" ind1=" " ind2=" ">
    <subfield code="a">G 465</subfield>
    <subfield code="b">&#xE04;972&#xE2D; 2564</subfield>
  </datafield>
  <datafield tag="100" ind1="1" ind2=" ">
    <subfield code="a">&#xE42;&#xE04;&#xE27;&#xE31;&#xE25;, &#xE27;&#xE2D;&#xE25;&#xE25;&#xE35;</subfield>
    <subfield code="9">58534</subfield>
  </datafield>
  <datafield tag="245" ind1="1" ind2="0">
    <subfield code="a">Accidentally Wes Anderson /</subfield>
    <subfield code="c">&#xE27;&#xE2D;&#xE25;&#xE25;&#xE35; &#xE42;&#xE04;&#xE27;&#xE31;&#xE25; &#xE41;&#xE25;&#xE30;&#xE2D;&#xE41;&#xE21;&#xE19;&#xE14;&#xE32; &#xE42;&#xE04;&#xE27;&#xE31;&#xE25;, &#xE40;&#xE02;&#xE35;&#xE22;&#xE19; ; &#xE40;&#xE27;&#xE2A; &#xE41;&#xE2D;&#xE19;&#xE40;&#xE14;&#xE2D;&#xE23;&#xE4C;&#xE2A;&#xE31;&#xE19;, &#xE04;&#xE33;&#xE19;&#xE33; ; &#xE1B;&#xE34;&#xE22;&#xE1A;&#xE38;&#xE15;&#xE23; &#xE2B;&#xE25;&#xE48;&#xE2D;&#xE44;&#xE01;&#xE23;&#xE40;&#xE25;&#xE34;&#xE28;, &#xE41;&#xE1B;&#xE25;.</subfield>
  </datafield>
  <datafield tag="250" ind1=" " ind2=" ">
    <subfield code="a">&#xE1E;&#xE34;&#xE21;&#xE1E;&#xE4C;&#xE04;&#xE23;&#xE31;&#xE49;&#xE07;&#xE41;&#xE23;&#xE01;</subfield>
  </datafield>
  <datafield tag="260" ind1=" " ind2=" ">
    <subfield code="a">&#xE01;&#xE23;&#xE38;&#xE07;&#xE40;&#xE17;&#xE1E;&#xE2F; : </subfield>
    <subfield code="b">broccoli, </subfield>
    <subfield code="c">2564.</subfield>
  </datafield>
  <datafield tag="505" ind1="0" ind2=" ">
    <subfield code="a">&#xE2A;&#xE2B;&#xE23;&#xE31;&#xE10;&#xE2D;&#xE40;&#xE21;&#xE23;&#xE34;&#xE01;&#xE32;&#xE41;&#xE25;&#xE30;&#xE41;&#xE04;&#xE19;&#xE32;&#xE14;&#xE32; -- &#xE25;&#xE30;&#xE15;&#xE34;&#xE19;&#xE2D;&#xE40;&#xE21;&#xE23;&#xE34;&#xE01;&#xE32; -- &#xE22;&#xE38;&#xE42;&#xE23;&#xE1B;&#xE01;&#xE25;&#xE32;&#xE07;&#xE41;&#xE25;&#xE30;&#xE22;&#xE38;&#xE42;&#xE23;&#xE1B;&#xE15;&#xE30;&#xE27;&#xE31;&#xE19;&#xE15;&#xE01; -- &#xE2A;&#xE2B;&#xE23;&#xE32;&#xE0A;&#xE2D;&#xE32;&#xE13;&#xE32;&#xE08;&#xE31;&#xE01;&#xE23;&#xE41;&#xE25;&#xE30;&#xE22;&#xE38;&#xE42;&#xE23;&#xE1B;&#xE40;&#xE2B;&#xE19;&#xE37;&#xE2D; -- &#xE22;&#xE38;&#xE42;&#xE23;&#xE1B;&#xE43;&#xE15;&#xE49;&#xE41;&#xE25;&#xE30;&#xE22;&#xE38;&#xE42;&#xE23;&#xE1B;&#xE15;&#xE30;&#xE27;&#xE31;&#xE19;&#xE2D;&#xE2D;&#xE01; -- &#xE15;&#xE30;&#xE27;&#xE31;&#xE19;&#xE2D;&#xE2D;&#xE01;&#xE01;&#xE25;&#xE32;&#xE07;&#xE41;&#xE25;&#xE30;&#xE41;&#xE2D;&#xE1F;&#xE23;&#xE34;&#xE01;&#xE32; -- &#xE40;&#xE2D;&#xE40;&#xE0A;&#xE35;&#xE22;&#xE43;&#xE15;&#xE49;, &#xE40;&#xE2D;&#xE40;&#xE0A;&#xE35;&#xE22;&#xE01;&#xE25;&#xE32;&#xE07; &#xE41;&#xE25;&#xE30;&#xE40;&#xE2D;&#xE40;&#xE0A;&#xE35;&#xE22;&#xE15;&#xE30;&#xE27;&#xE31;&#xE19;&#xE2D;&#xE2D;&#xE01; -- &#xE42;&#xE2D;&#xE40;&#xE0A;&#xE35;&#xE22;&#xE40;&#xE19;&#xE35;&#xE22; -- &#xE41;&#xE2D;&#xE19;&#xE15;&#xE32;&#xE23;&#xE4C;&#xE01;&#xE15;&#xE34;&#xE01;&#xE32;.</subfield>
  </datafield>
  <datafield tag="600" ind1="1" ind2="4">
    <subfield code="9">58539</subfield>
    <subfield code="a">&#xE41;&#xE2D;&#xE19;&#xE40;&#xE14;&#xE2D;&#xE23;&#xE4C;&#xE2A;&#xE31;&#xE19;, &#xE40;&#xE27;&#xE2A; </subfield>
    <subfield code="x">&#xE01;&#xE32;&#xE23;&#xE17;&#xE48;&#xE2D;&#xE07;&#xE40;&#xE17;&#xE35;&#xE48;&#xE22;&#xE27;</subfield>
  </datafield>
  <datafield tag="650" ind1=" " ind2="4">
    <subfield code="9">20591</subfield>
    <subfield code="a">&#xE01;&#xE32;&#xE23;&#xE17;&#xE48;&#xE2D;&#xE07;&#xE40;&#xE17;&#xE35;&#xE48;&#xE22;&#xE27;&#xE41;&#xE1A;&#xE1A;&#xE1C;&#xE08;&#xE0D;&#xE20;&#xE31;&#xE22;</subfield>
  </datafield>
  <datafield tag="650" ind1=" " ind2="4">
    <subfield code="9">25992</subfield>
    <subfield code="a">&#xE01;&#xE32;&#xE23;&#xE40;&#xE14;&#xE34;&#xE19;&#xE17;&#xE32;&#xE07;&#xE23;&#xE2D;&#xE1A;&#xE42;&#xE25;&#xE01;</subfield>
  </datafield>
  <datafield tag="650" ind1=" " ind2="4">
    <subfield code="9">10729</subfield>
    <subfield code="a">&#xE2A;&#xE34;&#xE48;&#xE07;&#xE21;&#xE2B;&#xE31;&#xE28;&#xE08;&#xE23;&#xE23;&#xE22;&#xE4C;</subfield>
  </datafield>
  <datafield tag="650" ind1=" " ind2="4">
    <subfield code="9">32415</subfield>
    <subfield code="a">&#xE01;&#xE32;&#xE23;&#xE17;&#xE48;&#xE2D;&#xE07;&#xE40;&#xE17;&#xE35;&#xE48;&#xE22;&#xE27;</subfield>
    <subfield code="x">&#xE04;&#xE39;&#xE48;&#xE21;&#xE37;&#xE2D;</subfield>
  </datafield>
  <datafield tag="700" ind1="1" ind2=" ">
    <subfield code="9">58535</subfield>
    <subfield code="a">Koval, Wally </subfield>
  </datafield>
  <datafield tag="700" ind1="1" ind2=" ">
    <subfield code="9">58540</subfield>
    <subfield code="a">Koval, Amanda</subfield>
  </datafield>
  <datafield tag="700" ind1="1" ind2=" ">
    <subfield code="9">58536</subfield>
    <subfield code="a">Anderson, Wally</subfield>
  </datafield>
  <datafield tag="700" ind1="1" ind2=" ">
    <subfield code="9">58537</subfield>
    <subfield code="a">&#xE41;&#xE2D;&#xE19;&#xE40;&#xE14;&#xE2D;&#xE23;&#xE4C;&#xE2A;&#xE31;&#xE19;, &#xE40;&#xE27;&#xE2A; </subfield>
  </datafield>
  <datafield tag="700" ind1="1" ind2=" ">
    <subfield code="9">58541</subfield>
    <subfield code="a">&#xE42;&#xE04;&#xE27;&#xE31;&#xE25;, &#xE2D;&#xE41;&#xE21;&#xE19;&#xE14;&#xE32; </subfield>
  </datafield>
  <datafield tag="700" ind1="0" ind2=" ">
    <subfield code="9">58538</subfield>
    <subfield code="a">&#xE1B;&#xE34;&#xE22;&#xE1A;&#xE38;&#xE15;&#xE23; &#xE2B;&#xE25;&#xE48;&#xE2D;&#xE44;&#xE01;&#xE23;&#xE40;&#xE25;&#xE34;&#xE28;</subfield>
  </datafield>
  <datafield tag="850" ind1=" " ind2=" ">
    <subfield code="a">NALT</subfield>
  </datafield>
  <datafield tag="942" ind1=" " ind2=" ">
    <subfield code="2">lcc</subfield>
    <subfield code="c">GB</subfield>
  </datafield>
  <datafield tag="998" ind1=" " ind2=" ">
    <subfield code="a">phon</subfield>
    <subfield code="b">phon</subfield>
    <subfield code="c">phon</subfield>
    <subfield code="j">111</subfield>
    <subfield code="k"> &#xE19;&#xE32;&#xE07;&#xE2A;&#xE32;&#xE27;&#xE1E;&#xE08;&#xE1E;&#xE34;&#xE13;  &#xE1E;&#xE23;&#xE21;&#xE40;&#xE2D;&#xE35;&#xE48;&#xE22;&#xE21;</subfield>
  </datafield>
  <datafield tag="999" ind1=" " ind2=" ">
    <subfield code="c">100284</subfield>
    <subfield code="d">100284</subfield>
  </datafield>
  <datafield tag="952" ind1=" " ind2=" ">
    <subfield code="0">0</subfield>
    <subfield code="1">0</subfield>
    <subfield code="2">lcc</subfield>
    <subfield code="4">0</subfield>
    <subfield code="7">0</subfield>
    <subfield code="8">CGBL</subfield>
    <subfield code="a">NALT</subfield>
    <subfield code="b">NALT</subfield>
    <subfield code="c">GEN</subfield>
    <subfield code="d">2022-06-02</subfield>
    <subfield code="e">20</subfield>
    <subfield code="l">1</subfield>
    <subfield code="m">1</subfield>
    <subfield code="o">G 465 &#xE04;972&#xE2D; 2564</subfield>
    <subfield code="p">3961212842</subfield>
    <subfield code="r">2022-08-30 00:00:00</subfield>
    <subfield code="s">2022-08-17</subfield>
    <subfield code="t">&#xE09;.2</subfield>
    <subfield code="w">2022-06-02</subfield>
    <subfield code="y">GB</subfield>
  </datafield>
  <datafield tag="952" ind1=" " ind2=" ">
    <subfield code="0">0</subfield>
    <subfield code="1">0</subfield>
    <subfield code="2">lcc</subfield>
    <subfield code="4">0</subfield>
    <subfield code="7">0</subfield>
    <subfield code="8">CGBL</subfield>
    <subfield code="a">NALT</subfield>
    <subfield code="b">NALT</subfield>
    <subfield code="c">GEN</subfield>
    <subfield code="d">2022-06-02</subfield>
    <subfield code="e">20</subfield>
    <subfield code="l">1</subfield>
    <subfield code="o">G 465 &#xE04;972&#xE2D; 2564</subfield>
    <subfield code="p">3961212785</subfield>
    <subfield code="r">2022-08-22 00:00:00</subfield>
    <subfield code="s">2022-08-18</subfield>
    <subfield code="t">&#xE09;.1</subfield>
    <subfield code="w">2022-06-02</subfield>
    <subfield code="y">GB</subfield>
  </datafield>
</record>
